| 000 | 01942cam a22005534i 4500 | ||
|---|---|---|---|
| 003 | PE-LiUPU | ||
| 005 | 20250930150354.0 | ||
| 008 | 150625s2002 mx a rb 000 0 spa d | ||
| 020 | _a9789702402589 | ||
| 035 | _a(Sirsi) i9789702402589 | ||
| 040 |
_aPE-LiUPU _bspa _cPE-LiUPU _erda |
||
| 049 | _aPRUA | ||
| 082 |
_a518 _bN682m _223 |
||
| 100 | 1 |
_aNieves Hurtado, Antonio, _eautor. _96995 |
|
| 245 | 1 | 0 |
_aMétodos numéricos aplicados a la ingeniería / _cAntonio Nieves Hurtado. |
| 250 | _aSegunda Edicion. | ||
| 264 | 1 |
_aMéxico, DF : _bCompañía Editorial Continental, _c2002. |
|
| 300 |
_a600 páginas : _bilustraciones ; _c25 centímetros _e1 CD-ROM. |
||
| 336 |
_atext _2rdacontent |
||
| 337 |
_aunmediated _2rdamedia |
||
| 338 |
_avolume _2rdacarrier |
||
| 505 | 0 | _aErrores -- Solución de ecuaciones no lineales -- Matrices y sistemas de ecuaciones lineales -- Sistemas de ecuaciones no lieales -- Aproximación funcional e interpolación -- Integración y diferenciación numérica -- Ecuaciones diferenciales ordinarias -- Ecuaciones diferenciales parciales -- Respuestas a problemas seleccionados. | |
| 526 | _aSEG44 | ||
| 526 | _aSEG26 | ||
| 526 | _aP159 | ||
| 526 | _aP155 | ||
| 526 | _aP154 | ||
| 526 | _aP153 | ||
| 526 | _aP150 | ||
| 526 | _aP100 | ||
| 526 | _aP31 | ||
| 526 | _aP30 | ||
| 526 | _aP26 | ||
| 526 | _aP25 | ||
| 526 | _aP24 | ||
| 526 | _aP22 | ||
| 526 | _aP15 | ||
| 526 | _aP10 | ||
| 650 | 1 | 4 |
_aMétodos numéricos. _96996 |
| 650 | 2 | 4 |
_aIngeniería _xMétodos numéricos. _96997 |
| 650 | 2 | 4 |
_aEcuaciones diferenciales _xMétodos numéricos. _96998 |
| 650 | 2 | 4 |
_aInterpolación matemática. _96999 |
| 650 | 2 | 4 |
_aAnálisis numérico. _97000 |
| 650 | 2 | 4 |
_aIngeniería _xCálculo numérico. _97001 |
| 942 |
_2ddc _cBK |
||
| 980 |
_818226 _gJaime Vilcazán Jefe de Análisis Documental |
||
| 999 |
_c43850 | 1 _d43850 |
||